Užívaní prostoru a venkovní mobilita městských seniorů

Problematika starnutia v environmentálnom kontexte, a to v prostredí mestských centier. Čas, ktorý seniori trávia mimo svojho domova a spôsob akým svoje mobilné potreby napĺňajú.

Uložené v:
Podrobná bibliografia
Hlavný autor: Petrová Kafková, Marcela
Médium: Kapitola
Jazyk:Czech
Predmet:
Tagy: Pridať tag
Žiadne tagy, Buďte prvý, kto otaguje tento záznam!

MARC

LEADER 00000naa a2200000 4500
001 0172164
005 20221020085224.6
041 0 |a cze 
044 |a CZ 
245 1 0 |a Užívaní prostoru a venkovní mobilita městských seniorů  |c Marcela Petrová Kafková 
520 |a Problematika starnutia v environmentálnom kontexte, a to v prostredí mestských centier. Čas, ktorý seniori trávia mimo svojho domova a spôsob akým svoje mobilné potreby napĺňajú. 
610 2 0 |a seniori 
610 2 0 |a mobilita sociálna 
610 2 0 |a čas voľný 
610 2 0 |a hobby 
610 2 0 |a oddych 
610 2 0 |a využitie času voľného 
610 2 0 |a prostredie krajinné 
610 2 0 |a mestá 
100 1 |a Petrová Kafková, Marcela